In The Same Boat (Record no. 64819)
[ view plain ]
| 000 -LEADER | |
|---|---|
| fixed length control field | 00264nam a2200109Ia 4500 |
| 008 - FIXED-LENGTH DATA ELEMENTS--GENERAL INFORMATION | |
| fixed length control field | 221009s9999 xx 000 0 und d |
| 082 ## - DEWEY DECIMAL CLASSIFICATION NUMBER | |
| Classification number | 823/MAJ |
| 100 ## - MAIN ENTRY--PERSONAL NAME | |
| Personal name | Majumdar, Gopa |
| 245 #0 - TITLE STATEMENT | |
| Title | In The Same Boat |
| 260 ## - PUBLICATION, DISTRIBUTION, ETC. (IMPRINT) | |
| Name of publisher, distributor, etc. | Ubs Publishers Distributors Ltd. |
| 942 ## - ADDED ENTRY ELEMENTS (KOHA) | |
| Koha item type | Books |
No items available.









